Sur la vie (Record no. 148720)
[ view plain ]
| 000 -LEADER | |
|---|---|
| campo de control de longitud fija | 00488nam a2200157 4500 |
| 001 - NÚMERO DE CONTROL | |
| campo de control | 148720 |
| 003 - IDENTIFICADOR DE NÚMERO DE CONTROL | |
| campo de control | ES-MaACL |
| 005 - FECHA Y HORA DE LA ÚLTIMA TRANSACCIÓN | |
| campo de control | 20230906202756.0 |
| 007 - CAMPO FIJO DE DESCRIPCIÓN FÍSICA--INFORMACIÓN GENERAL | |
| campo de control de longitud fija | t| |
| 008 - DATOS DE LONGITUD FIJA--INFORMACIÓN GENERAL | |
| campo de control de longitud fija | 070214s1925 fr r ||||1| fre d |
| 100 1# - ENTRADA PRINCIPAL--NOMBRE DE PERSONA | |
| Nombre de persona | Suarès, André. |
| 9 (RLIN) | 108534 |
| 245 10 - MENCIÓN DEL TÍTULO | |
| Título | Sur la vie |
| Resto del título | : essais / |
| Mención de responsabilidad, etc. | André Suarès [seud. de Felix André Ives Scantrel]. |
| Número de parte o sección de la obra | , . II. |
| 260 ## - PUBLICACIÓN, DISTRIBUCIÓN, ETC. | |
| Lugar de publicación, distribución, etc. | Paris : |
| Nombre del editor, distribuidor, etc. | Emile-Paul Frères, |
| Fecha de publicación, distribución, etc. | 1925 ( |
| Lugar de fabricación/manufactura | Tours : |
| Fabricante | Delis) |
| 300 ## - DESCRIPCIÓN FÍSICA | |
| Extensión | 2 h., 350 p. ; |
| Dimensiones | 19 cm. |
| 852 ## - LOCALIZACIÓN | |
| Ubicación | ES-MaACL |
| Número de control de estantería | G-14263 |
| Estatus retirado | Estado de pérdida | Estado de daño | No para préstamo | Biblioteca de origen | Biblioteca actual | Ubicación en estantería | Fecha de adquisición | Fuente de adquisición | Total de préstamos | Signatura topográfica completa | Código de barras | Visto por última vez | Precio de reemplazo | Tipo de ítem Koha |
|---|---|---|---|---|---|---|---|---|---|---|---|---|---|---|
| Biblioteca del Ateneo de Madrid | Biblioteca del Ateneo de Madrid | Sala Pecera Planta 3 | 17/01/2008 | G-14263 | 1155200 | 23/02/2023 | 23/02/2023 | Libro impreso |
